书目信息 |
| 题名: |
贾谊文选译
|
|
| 作者: | 贾谊 著 ;徐超 , 王洲明 译注 | |
| 分册: | ||
| 出版信息: | 成都 巴蜀书社 1991 |
|
| 页数: | 225页 | |
| 开本: | 19cm | |
| 丛书名: | 古代文史名著选译丛书 | |
| 单 册: | ||
| 中图分类: | I263.4 , I211 | |
| 科图分类: | ||
| 主题词: | 古典散文--中国--西汉时代--选集 , 文学--作品集--中国 | |
| 电子资源: | ||
| ISBN: | 7-80523-358-6 | |
| 000 | 00930nam2 2200301 450 | |
| 001 | 1558951191 | |
| 005 | 20150128162302.42 | |
| 010 | @a7-80523-358-6@dCNY2.80 | |
| 100 | @a20021005d1991 em y0chiy0110 ea | |
| 101 | 0 | @achi |
| 102 | @aCN@b510000 | |
| 105 | @ay z 000zy | |
| 200 | 1 | @a贾谊文选译@9jia yi wen xuan yi@f(汉)贾谊著@g徐超,王洲明译注 |
| 210 | @a成都@c巴蜀书社@d1991 | |
| 215 | @a225页@c插图@d19cm | |
| 225 | 2 | @a古代文史名著选译丛书@i先秦两汉@f章培恒等主编 |
| 300 | @a国家教委古籍整理“七·五”规划重点项目 | |
| 330 | @a本书是作者的散文选译本 | |
| 461 | 0 | @12001 @a古代文史名著选译丛书 |
| 606 | 0 | @a古典散文@y中国@z西汉时代@x选集 |
| 606 | 0 | @a文学@x作品集@x中国 |
| 690 | @aI263.4@v5 | |
| 690 | @aI211@v4 | |
| 701 | 0 | @c(汉)@a贾谊@9jia yi@f(前201~前168)@4著 |
| 702 | 0 | @a徐超@9xu chao@4译注 |
| 702 | 0 | @a王洲明@9wang zhou ming@4译注 |
| 801 | 0 | @aCN@bTSSF@c20150128 |
| 905 | @aZUCC@dI211@eJY55 | |
| 贾谊文选译/(汉)贾谊著/徐超,王洲明译注.-成都:巴蜀书社,1991 |
| 225页:插图;19cm.-(古代文史名著选译丛书.先秦两汉/章培恒等主编) |
| 国家教委古籍整理“七·五”规划重点项目 |
| ISBN 7-80523-358-6:CNY2.80 |
| 本书是作者的散文选译本 |
| ● |
| 相关链接 |
|
|
|
|
正题名:贾谊文选译
索取号:I211/JY55
 
预约/预借
| 序号 | 登录号 | 条形码 | 馆藏地/架位号 | 状态 | 备注 |
| 1 | 7837819 | 278378195 | 学院路分馆/ [索取号:I211/JY55] | 在馆 | |
| 2 | 7837820 | 278378202 | 学院路分馆/ [索取号:I211/JY55] | 在馆 |